00787nam a2200205Ia 4500003000900000008004100009040001600050080001900066100002900085245010500114260006800219300001700287490006700304650004100371650003000412650002200442942000700464999001500471952009500486IN-BaIIA211028s9999 xx 000 0 eng d cIIA Library a524.3-852bTHO aThomas, Richard N.93972 0aStellar atmospheric structural patternscRichard N. Thomas  aWashingtonbNational Aeronautics and Space Administrationc1983 axxxiv, 369p. aMonograph series on nonthermal phenomena in stellar atmosphere aAstronomy and astrophysics thesaurus aStellar atmospheres91135 aStellar structure cBK c7989d7989 00104070aBANbBANcGENd1984-11-12l0o524.3-852/ THOp8812r2021-11-05w1984-11-12yBK